000 00770nam a2200241Ia 4500
003 OSt
005 20220923225546.0
006 a|||||r|||| 00| 0
007 ta
008 Pun
024 _a271,267
037 _cTextual
040 _aARTS
_cARTS
_bPun
041 _2Pun
_aPun
082 _aDelta2y7M36, 153M7
100 _aਗੁਪਤਾ, ਮਹੇ਼ਦ੍ਰ ਨਾਥ
245 0 _aਸ੍ਰੀ ਰਾਮਕ੍ਰਿFਨ ਕਥਾ ਅੰਮ੍ਰਿਤ
260 _aਚੰਡੀਗੜ
_b ਰਾਮਕ੍ਰਿFਨ ਮਿFਨ ਆFਰਮ
_c1987
300 _a62ਪੰ
_ccm.
650 _aਅਧਿਆਤਮਵਾਦ
942 _hDelta2y7M36, 153M7
_cTEXL
_2CC
999 _c379105
_d379105